| 000 | 02073nam a2200421 c 4500 | ||
|---|---|---|---|
| 999 |
_c66106 _d66106 |
||
| 003 | BLK | ||
| 005 | 20230406130034.0 | ||
| 008 | 180408b bul|||||r ||||||| ||bul|| | ||
| 010 | _aKNG00070392000 | ||
| 040 | _aBLK | ||
| 041 |
_aBUL _cBUL |
||
| 080 |
_aРегионална география _b913 _x(21) _z913(21) |
||
| 100 | 1 |
_aРашев, Никола Иванов _eпърви автор _9369514 |
|
| 139 |
_aРашев, Никола Иванов и др. _bР 43 |
||
| 245 | 1 | 0 |
_aКонтинентите _bНауч.-худож. кн. за деца _cНикола Иванов Рашев; съавт. Мартин Франсоа Гловня; худож. Димитър Влаев Влаев; худож. Киро Мавров; * Кирил Мавров. |
| 257 | _aBGR | ||
| 260 |
_bОтечество _c1987 |
||
| 300 |
_a224 с. _bс ил. _c29 см |
||
| 380 | _a5 | ||
| 490 | 1 | _aНаучнопопулярна поредица за живата и неживата природа Какво знаем за ... | |
| 490 | 1 | _aСерия География | |
| 500 | _aВ кн. худож. Кирил Мавров е означен Киро Мавров. - Съдържа 268 черно-бели и 452 цв. ил. - Офс. изд. - 65117 тир. - Геогр. показалец. | ||
| 650 | 4 |
_aГеография _9151794 |
|
| 650 | 4 |
_aКонтиненти - география _9261326 |
|
| 653 | _aконтиненти | ||
| 653 | _aгеография | ||
| 653 | _aлитература за деца | ||
| 653 | _aдетска литература | ||
| 700 | 1 |
_aГловня, Мартин Франсоа _d1919-1966 _gГеограф _eсъавт. _954430 |
|
| 700 | 1 |
_aВлаев, Димитър Влаев _eхудож. _9370628 |
|
| 700 | 1 |
_aМавров, Киро _eхудож. _9292791 |
|
| 700 | 1 |
_aМавров, Кирил _e* _gМавров, Киро Петров _9370629 |
|
| 852 | _aЦб ІІ 7122 | ||
| 856 | 4 |
_qpdf _i0.00 _ldisable |
|
| 856 | 4 |
_qpdf _i0.00 _ldisable |
|
| 942 |
_cKNG _n0 _02 _s1 |
||
| 944 |
_aCR _c08.01.2007 _lф / _kВиолета_Тройчева |
||
| 944 |
_aED _c12.08.2015 _lф / _kЛюдмила_Стоянова |
||
| 999 | _d66106 | ||